| 000 | 01153cam a22002175a 4500 | ||
|---|---|---|---|
| 001 | L156940 | ||
| 008 | 120731m18071830xxk f 000 0 eng d | ||
| 035 | _a(Sirsi) u156940 | ||
| 041 | 0 | _aeng | |
| 245 | 0 | 1 | _a[Collection of auction catalogues] |
| 260 |
_a[S.l.] _b[s.n.] _c1807-1830 |
||
| 300 |
_a1 v. _c22 cm. |
||
| 520 | _aA collection of auction catalogues, mostly relating to auctions conducted by Mr Gomme, with others conducted by Mr Williams, Mr Phillips, Mr Rainy, Prickett & Sons, Farebrother, and Wilson & Lye. Most of the auctions take place in and around Hammersmith. Many of the catalogues have been annotated with details of prices obtained by lots, as well as other notes. There is an ink stamp on the inside of the front board, reading "Gomme, Auctioneer, Hammersmith". | ||
| 520 | _aTwo of the catalogues are loose, the others have been bound together. | ||
| 520 | _aThe book was presented by G. Cole of Oxford on 25 April 1966. | ||
| 583 |
_aCondition reviewed _c20120620 _lcondition level 4 |
||
| 583 |
_aSent for conservation _c20130129 _kElizabeth Neville |
||
| 651 | 4 | _aLondon | |
| 690 |
_aAuctioneering _96218 |
||
| 942 | _n0 | ||
| 999 |
_c114503 _d114503 |
||